000 00997nam a2200301 a 4500
001 000008754
003 DO-SdBNP
005 20220916094446.0
008 090918s2000 dr 000 0 spa d
020 _a9993430048
040 _aDO-SdBNP
_bspa
_cBPMSU
082 _a153.98
_bL453c 2000
_2 22
092 _2
100 1 _aLebrón Saviñón, Mariano,
_d1922-
245 1 0 _aCultura y patología /
_cMariano Lebrón Saviñón.
260 _aSanto Domingo :
_bBanco Central de la República Dominicana,
_c2000.
300 _a229 p. ;
_c28 cm.
490 0 _aBanco Central de la República Dominicana
500 _aIncluye datos biográficos del autor en la solapa de la cubierta.
590 _aInventariado, 2022/VM
650 4 _aPsicopatología.
650 4 _aPsicoanálisis y cultura
_e
650 4 _aCreación literaria, artística, etc
_xAspectos psicológicos
_z
_d
_4
650 4 _aGenios y enfermedades mentales
830 0 _a
910 _aVMateo V./Validado
942 _2ddc
_cBK
999 _c14262
_d14262